|
|
|
|
| LEADER |
00000nab a2200000 a 4500 |
| 001 |
vtls000877670 |
| 003 |
SK-MaSNL |
| 005 |
20260304143150.0 |
| 008 |
250505c2004 xo 0 slo |
| 015 |
|
|
|a SNBRB2004/07-20053
|
| 035 |
|
|
|a CLN000229222
|
| 035 |
|
|
|a (urnnbn)urn:nbn:sk:snk:ar-004w1p
|
| 035 |
|
|
|a (uuid)dcb02943-9962-4b2a-855d-eb2602f3f673
|
| 035 |
|
|
|a urn:nbn:sk:snk-ab7yeb
|
| 040 |
|
|
|a SNKBUCL
|b slo
|c SNKBUCL
|e AACR2
|
| 041 |
0 |
|
|a slo
|
| 044 |
|
|
|a xo
|c SK
|
| 080 |
|
|
|a 343.412"1939/1945"
|2 1997
|
| 080 |
|
|
|a 94(100)"1939/1945":61-051:343.412+341.322.5
|2 1997
|
| 080 |
|
|
|a 61-051"1939/1945":343.412+341.322.5
|2 1997
|
| 080 |
|
|
|a 341.322.5"1939/1945"
|2 1997
|
| 100 |
1 |
|
|a Kamenec, Ivan,
|d 1938-
|4 aut
|9 102304
|
| 245 |
1 |
0 |
|a Scharsach, H.H.: Lékaři a nacismus
|c [autor] I.K.
|
| 650 |
0 |
7 |
|a zločiny proti ľudskosti
|2 snkbucl
|9 4463
|
| 650 |
0 |
7 |
|a holokaust (1939-1945)
|2 snkbucl
|9 160313
|
| 650 |
0 |
7 |
|a lekári
|2 snkbucl
|9 3195
|
| 650 |
0 |
7 |
|a druhá svetová vojna (1939-1945)
|2 snkbucl
|9 169657
|
| 650 |
0 |
7 |
|a monografie
|2 snkbucl
|9 256509
|
| 655 |
|
7 |
|a recenzie
|2 snkbucl
|9 21907
|
| 655 |
|
7 |
|a články z novín a časopisov
|2 snkbucl
|9 267496
|
| 773 |
0 |
|
|t Historický časopis
|g Roč. 52, č. 1 (2004), s. 196-197
|x 0018-2575
|
| 787 |
0 |
8 |
|i Rec.:
|a Scharsach, Hans-Henning
|t Lékaři a nacismus
|d Praha : Themis, 2001
|z 8085821907
|
| 850 |
|
|
|a Slovenská národná knižnica
|
| 852 |
|
|
|a Slovenská národná knižnica
|
| 954 |
|
|
|a odborná, vedecká literatúra pôvodná (slovenská)
|2 lita
|
| 958 |
|
|
|a article9
|
| 958 |
|
|
|a OND
|
| 958 |
|
|
|a RC
|
| 958 |
|
|
|a CZ
|
| 958 |
|
|
|a EUIPO
|
| 992 |
|
|
|a RBX
|
| 999 |
|
|
|c 2924513
|d 2926443
|